Human dimensions of land use and land cover in the Amazon: A contribution from LBA (Record no. 60536)
[ view plain ]
| 000 -LEADER | |
|---|---|
| fixed length control field | 01991nam a2200205Ia 4500 |
| 100 ## - MAIN ENTRY--AUTHOR NAME | |
| Personal name | Batistella M |
| 245 #0 - TITLE STATEMENT | |
| Title | Human dimensions of land use and land cover in the Amazon: A contribution from LBA |
| 260 ## - PUBLICATION, DISTRIBUTION, ETC. (IMPRINT) | |
| Name of publisher | Acta Amazonica |
| Year of publication | 2005 |
| 300 ## - PHYSICAL DESCRIPTION | |
| Number of Pages | 239-247 |
| 500 ## - GENERAL NOTE | |
| General note | Source Year: 2006 |
| 520 ## - SUMMARY, ETC. | |
| Summary, etc | An unerstanding of cahnges in Amazonian landscape depends on documentation about alterations in land cover. This article highlights the efforts of the Large Scale Biosphere-Atmosphere Experiment in Amazonia relted to the topic. In particular, a longitudinal study has anlysed the social and biophysical dimensions of land use/land cover, using a multi-scalar georeferenced approach. The study areas represent a gradient of soil fertility in Amazonia and include distinct landscape mosaics, from the Amazon estuary and the Bragantia region to northeastern Rondonia, Barazil. Within the project, we emphasize studies in rural settlement areas due to their social relevance and their impacts on land cover in local and regional scales. To illustrate the potential of such studies, we present comparative results for Machadinho dOeste and Value do Anari, State of Rondonia. The multitemporal analysis included landsat images and fieldwork. Land owners, loggers, rubber tapers, and other local actors were interviewed about their production systems and land use history. The calculation of spatial metrics supported our conclusions. The results indicate that settlement design and institutional aspects play a central role in the process of landscape change. The populations, produces positive outcomes in maintaining larger patches of forest. The land cover in Amazonia, supporting policies that incorporate the socail and environmental dimensions of regional development. |
| 650 ## - SUBJECT ADDED ENTRY--TOPICAL TERM | |
| Topical Term | Amazonia |
| 650 ## - SUBJECT ADDED ENTRY--TOPICAL TERM | |
| Topical Term | Land use |
| 650 ## - SUBJECT ADDED ENTRY--TOPICAL TERM | |
| Topical Term | Landscape |
| 650 ## - SUBJECT ADDED ENTRY--TOPICAL TERM | |
| Topical Term | Remote sensing |
| 700 ## - ADDED ENTRY--PERSONAL NAME | |
| Personal name | Moran E F |
| 856 ## - ELECTRONIC LOCATION AND ACCESS | |
| Uniform Resource Identifier | CAB CD |
| 942 ## - ADDED ENTRY ELEMENTS (KOHA) | |
| Koha item type | Journals |
| Withdrawn status | Lost status | Damaged status | Not for loan | Home library | Current library | Shelving location | Date acquired | Serial Enumeration / chronology | Koha item type |
|---|---|---|---|---|---|---|---|---|---|
| Journals | RRII Library | RRII Library | Agricultural economics | 27/06/2006 | Volume 35, Issue 2 | Journals |